| 000 | 00406nam a22001337a 4500 | ||
|---|---|---|---|
| 008 | 131202b xxu||||| |||| 00| 0 eng d | ||
| 050 | _aPR4037.W35 1963 | ||
| 100 |
_aWatt, Ian _94529 |
||
| 245 |
_aJane Austen _ba collection of critical esays |
||
| 260 |
_aEnglewood Cliffs _bPrentice-Hall, Inc. _c1963 |
||
| 300 |
_avi, 184p.; _c22cm. |
||
| 440 |
_aTewntieth Century Views _94530 |
||
| 942 |
_2lcc _cMONOGRAPH |
||
| 999 |
_c118883 _d118883 |
||